Subjektorientierte Soziologie: Karl Martin Bolte zum siebzigsten Geburtstag
| Otros Autores: | ; ; ; |
|---|---|
| Tipo de documento: | Print Libro |
| Lenguaje: | Alemán |
| Publicado: |
Opladen
Leske + Budrich
1997
|
| En: | Año: 1997 |
| Acceso en línea: |
Portada Portada Índice Índice Índice |
| Disponibilidad en Tübingen: | Disponible en Tübingen. IFK: O I 285 |
| Verificar disponibilidad: | HBZ Gateway |
| Servicio de pedido Subito: | Pedir ahora. |
| Palabras clave: |
MARC
| LEADER | 00000cam a2200000 c 4500 | ||
|---|---|---|---|
| 001 | 230642942 | ||
| 003 | DE-627 | ||
| 005 | 20260206201619.0 | ||
| 007 | tu | ||
| 008 | 970709s1997 gw ||||| b 00| ||ger c | ||
| 015 | |a 97,A48,0305 |2 dnb | ||
| 016 | 7 | |a 951712004 |2 DE-101 | |
| 020 | |a 381001964X |9 3-8100-1964-X | ||
| 035 | |a (DE-627)230642942 | ||
| 035 | |a (DE-603)054225930 | ||
| 035 | |a (DE-576)060749768 | ||
| 035 | |a (DE-599)GBV230642942 | ||
| 035 | |a (OCoLC)231709609 | ||
| 035 | |a (OCoLC)39127794 | ||
| 035 | |a (OCoLC)312925795 | ||
| 035 | |a (OCoLC)39127794 | ||
| 035 | |a (DE-604)8116386614 | ||
| 040 | |a DE-627 |b ger |c DE-627 |e rakwb | ||
| 041 | |a ger | ||
| 044 | |c XA-DE | ||
| 050 | 0 | |a HD6955 | |
| 084 | |a 14 |2 sdnb | ||
| 084 | |a MR 1100 |2 rvk |0 (DE-625)rvk/123485: | ||
| 084 | |a MR 6050 |2 rvk |0 (DE-625)rvk/123528: | ||
| 084 | |a MQ 1600 |2 rvk |0 (DE-625)rvk/123414: | ||
| 084 | |a MR 6000 |2 rvk |0 (DE-625)rvk/123527: | ||
| 084 | |a 71.02 |2 bkl | ||
| 084 | |a 71.00 |2 bkl | ||
| 245 | 0 | 0 | |a Subjektorientierte Soziologie |b Karl Martin Bolte zum siebzigsten Geburtstag |c G. Günter Voß; Hans J. Pongratz (Hrsg.). Mit Beitr. von Ulrich Beck ... |
| 264 | 1 | |a Opladen |b Leske + Budrich |c 1997 | |
| 300 | |a 263 S. |b Ill. | ||
| 336 | |a Text |b txt |2 rdacontent | ||
| 337 | |a ohne Hilfsmittel zu benutzen |b n |2 rdamedia | ||
| 338 | |a Band |b nc |2 rdacarrier | ||
| 500 | |a Festschrift Karl Martin Bolte. - Bibliogr. K. M. Bolte S. 248 - 259 | ||
| 600 | 1 | 7 | |0 (DE-588)118809717 |0 (DE-627)060010509 |0 (DE-576)160359619 |a Bolte, Karl Martin |d 1925-2011 |2 gnd |
| 650 | 0 | |a Industrial sociology | |
| 650 | 0 | |a Occupations |x Sociological aspects | |
| 650 | 0 | 7 | |0 (DE-588)4026751-9 |0 (DE-627)106287184 |0 (DE-576)20896777X |a Individuum |2 gnd |
| 650 | 0 | 7 | |0 (DE-588)4020588-5 |0 (DE-627)106317520 |0 (DE-576)208933956 |a Gesellschaft |2 gnd |
| 650 | 4 | |a Soziologische Theorie | |
| 650 | 4 | |a Soziologie | |
| 650 | 4 | |a Individuum : Gesellschaft | |
| 650 | 4 | |a Subjektivität | |
| 650 | 4 | |a Soziologische Forschung | |
| 650 | 4 | |a Beck, Beck-Gernsheim, Vogel | |
| 651 | 7 | |a Deutschland |2 gnd | |
| 655 | 7 | |a Festschrift |0 (DE-588)4016928-5 |0 (DE-627)104400986 |0 (DE-576)208917802 |2 gnd-content | |
| 655 | 7 | |a Aufsatzsammlung |0 (DE-588)4143413-4 |0 (DE-627)105605727 |0 (DE-576)209726091 |2 gnd-content | |
| 655 | 7 | |a Bibliografie |0 (DE-588)4006432-3 |0 (DE-627)104814519 |0 (DE-576)208865578 |2 gnd-content | |
| 689 | 0 | 0 | |d s |0 (DE-588)4026751-9 |0 (DE-627)106287184 |0 (DE-576)20896777X |a Individuum |2 gnd |
| 689 | 0 | 1 | |d s |0 (DE-588)4020588-5 |0 (DE-627)106317520 |0 (DE-576)208933956 |a Gesellschaft |2 gnd |
| 689 | 0 | |5 (DE-627) | |
| 689 | 1 | 0 | |d p |0 (DE-588)118809717 |0 (DE-627)060010509 |0 (DE-576)160359619 |a Bolte, Karl Martin |d 1925-2011 |2 gnd |
| 689 | 1 | |5 (DE-627) | |
| 700 | 1 | |a Voß, G. Günter |d 1950- |e Hrsg. |0 (DE-588)115766502 |0 (DE-627)061309591 |0 (DE-576)163444234 |4 edt | |
| 700 | 1 | |a Bolte, Karl Martin |d 1925-2011 |e GefeierteR |0 (DE-588)118809717 |0 (DE-627)060010509 |0 (DE-576)160359619 |4 hnr | |
| 700 | 1 | |a Pongratz, Hans J. |d 1957- |0 (DE-588)124077129 |0 (DE-627)461978490 |0 (DE-576)294009434 |4 oth | |
| 700 | 1 | |a Beck, Ulrich |d 1944-2015 |0 (DE-588)118832344 |0 (DE-627)07960692X |0 (DE-576)160215560 |4 oth | |
| 856 | 4 | 2 | |u https://swbplus.bsz-bw.de/bsz060749768cov.jpg |m V:DE-576 |m X:springer |q image/jpeg |v 20140212102813 |3 Cover |7 1 |
| 856 | 4 | 2 | |u https://swbplus.bsz-bw.de/bsz060749768inh.htm |m V:DE-576 |q application/pdf |v 2006-12-18 |3 Inhaltsverzeichnis |7 1 |
| 856 | 4 | 2 | |u http://www.gbv.de/dms/hebis-darmstadt/toc/54225930.pdf |m V:DE-603 |m B:DE-17 |q pdf/application |x Verlag |y Inhaltsverzeichnis |3 Inhaltsverzeichnis |7 1 |
| 856 | 4 | 2 | |u http://scans.hebis.de/HEBCGI/show.pl?05422593_cov.jpg |m V:DE-576;X:springer |q image/jpeg |3 Cover |7 1 |
| 856 | 4 | 2 | |u http://scans.hebis.de/HEBCGI/show.pl?05422593_toc.pdf |m V:DE-603;B:DE-17 |q application/pdf |3 Inhaltsverzeichnis |7 1 |
| 889 | |w (DE-627)306054078 | ||
| 935 | |i mdedup | ||
| 935 | |i Blocktest | ||
| 936 | r | v | |a MR 1100 |b Sozialwissenschaftliche Methodologie und Methodenkritik |k Soziologie |k Sozialwissenschaftliche Theorien und Methoden |k Wissenschaftstheorie und Erkenntnistheorie |k Sozialwissenschaftliche Methodologie und Methodenkritik |0 (DE-627)127142746X |0 (DE-625)rvk/123485: |0 (DE-576)20142746X |
| 936 | r | v | |a MR 6050 |b Persönlichkeitstheorien (auch Autoritarismus) und Anpassung |k Soziologie |k Sozialwissenschaftliche Theorien und Methoden |k Psychologische Ansätze |k Persönlichkeitstheorien (auch Autoritarismus) und Anpassung |0 (DE-627)1271428245 |0 (DE-625)rvk/123528: |0 (DE-576)201428245 |
| 936 | r | v | |a MQ 1600 |b Textsammlungen (nicht spezielle Reader); Festschriften |k Soziologie |k Einführung und Geschichte |k Einführungen und Reader |k Textsammlungen (nicht spezielle Reader); Festschriften |0 (DE-627)1270879766 |0 (DE-625)rvk/123414: |0 (DE-576)200879766 |
| 936 | r | v | |a MR 6000 |b Allgemeine (sozial-) psychologische Theorien und Textsammlungen |k Soziologie |k Sozialwissenschaftliche Theorien und Methoden |k Psychologische Ansätze |k Allgemeine (sozial-) psychologische Theorien und Textsammlungen |0 (DE-627)1271428210 |0 (DE-625)rvk/123527: |0 (DE-576)201428210 |
| 936 | b | k | |a 71.02 |j Theorie der Soziologie |0 (DE-627)106416189 |
| 936 | b | k | |a 71.00 |j Soziologie: Allgemeines |0 (DE-627)106423444 |
| 936 | s | n | |a m200 |2 mzub |
| 951 | |a BO | ||
| ELC | |b 1 | ||
| LOK | |0 000 xxxxxcx a22 zn 4500 | ||
| LOK | |0 001 320079917X | ||
| LOK | |0 003 DE-627 | ||
| LOK | |0 004 230642942 | ||
| LOK | |0 005 20010517000000 | ||
| LOK | |0 008 980727||||||||||||||||ger||||||| | ||
| LOK | |0 040 |a DE-21-110 |c DE-627 |d DE-21-110 | ||
| LOK | |0 852 |a DE-21-110 | ||
| LOK | |0 852 1 |c O I 285 |m p |9 00 | ||
| LOK | |0 935 |a k110 | ||
| LOK | |0 936ln |a 7.1 | ||
| LOK | |0 938 |k p | ||
| LOK | |0 939 |a 27-07-98 |b l01 | ||
| ORI | |a SA-MARC-krimdoka001.raw | ||
| SIG | |a IFK: O I 285 | ||
